000 00570nam a2200205 a 4500
001 23947
003 CO-ViMGA
008 141112s2004 ck r 000 u spa d
020 _a8474900018
040 _aCO-ViMGA
_bspa
_cCO-ViMGA
082 0 4 _a330.9
_bL365h
100 1 _aLeon, Pierre
_910939
245 1 0 _aHistoria economica y social del mundo /
_cPierre Leon
260 _aEspaƱa :
_bEncuentro ediciones
300 _a6 vol.
650 1 4 _aHISTORIA ECONOMICA
_910940
650 1 4 _aHISTORIA SOCIAL
_910941
650 1 4 _aHISTORIA UNIVERSAL
_91528
942 _2ddc
_cBK
999 _c32013
_d32013